000 00309nam a22001337a 4500
008 170619b xxu||||| |||| 00| 0 eng d
020 _a080140780-X
041 _aeng
080 _a94(4)
100 _a16
101 _aSHH
245 _aTHE ANARCHISTS IN THE RUSSIAN REVOLUTION
_cAVRICH,P
942 _2udc
_cBK
999 _c18143
_d18143